| 000 | 01297nab a22002537a 4500 | ||
|---|---|---|---|
| 999 |
_c5941 _d5941 |
||
| 003 | OSt | ||
| 005 | 20260114014132.0 | ||
| 008 | 190605e xxu||||| |||| 00| 0 spa d | ||
| 040 | _cPJ | ||
| 100 |
_96791 _aArballo, Rocío |
||
| 245 | 1 | 0 |
_aIntereses e imputación del pago realizado por la aseguradora de riesgos del trabajo en sede extrajudicial / _cRocío Arballo, Andrés O. Hadad. |
| 260 |
_aCiudad Autónoma de Buenos Aires : _bThomson Reuters La Ley, _c2024. |
||
| 300 | _ap. 201-211 | ||
| 500 | _aCita: TR LALEY AR/DOC/245/2024. | ||
| 505 | _aSumario: I. Introducción.— II. La tasa de interés.— III. La imputación del pago en sede extrajudicial.— IV. Un fallo de la Corte Suprema de Justicia de Santa Fe que aporta luz en la materia.— V. Algunas consideraciones.— VI. Actualidad que se repite. | ||
| 505 | _t¿Te interesa el texto completo? Solicitalo al correo: koha@justierradelfuego.gov.ar | ||
| 650 | 0 |
_91316 _aDERECHO LABORAL |
|
| 650 | 0 |
_91430 _aRIESGOS DEL TRABAJO |
|
| 650 | 0 |
_95144 _aASEGURADOR POR RIESGOS DEL TRABAJO |
|
| 650 | 0 |
_9533 _aINTERESES |
|
| 700 |
_95004 _aHadad, Andrés O. |
||
| 773 | 0 |
_02711 _93168 _dCiudad Autónoma de Buenos Aires : Thomson Reuters La Ley, 1999-2002. _tRevista de derecho del trabajo. Nº 2 - Marzo 2024 |
|
| 942 |
_2udc _cANA |
||